000
00309 a2200109 4500
001
ART_52215
005
20260410161758.0
008
260409a
245
1
0
_a
Otra expectativa incumplida
100
1
_a
Mastandrea, Alberto F.
773
0
_t
Doctrina tributaria
_g
- N°492 (mar. 2021)
_w
REV4296
999
_c
20341
_d
20341